Contribución a la biología y mantenimiento de peces marinos ornamentales (Registro nro. 8398)

Detalles MARC
000 -CABECERA
Campo de control 01019nam a22002297a 4500
005 - FECHA Y HORA DE LA ULTIMA TRANSACCION
Campo de control 20170303145428.0
008 - ELEMENTOS DE LONGITUD FIJA—INFORMACION GENERAL
Campo de control 140423s2011 ck ado gr|||| 00| 0 spa d
020 ## - ISBN
ISBN 9789588448381
040 ## - FUENTE DE CATALOGACIÓN
Agencia catalogadora original CO-BoIAVH
Agencia transcriptora CO-BoIAVH
041 ## - IDIOMA
Código de idioma para texto/pista de sonido o título separado Español
044 ## - PAÍS DE PUBLICACIÓN
País de publicación Colombia
082 ## - NUMERO DE CLASIFICACION DECIMAL DEWEY
Número de clasificación 593
Número del ítem I62c
110 2# - ASIENTO PRINCIPAL--NOMBRE CORPORATIVO
Nombre corporativo o de jurisdicción como elemento de entrada Instituto de Investigaciones Marinas y Costeras José Benito Vives de Andréis
9 (RLIN) 80236
245 10 - MENCION DE TITULO
Título Contribución a la biología y mantenimiento de peces marinos ornamentales
Parte restante del título usos potenciales de la biodiversidad
Mención de responsabilidad Instituto de Investigaciones Marinas y Costeras José Benito Vives de Andréis
260 3# - PUBLICACION, DISTRIBUCION, ETC. (PIE DE IMPRENTA)
Lugar de publicación, distribución, etc. Santa Marta
Nombre del editor, distribuidor, etc. Instituto de Investigaciones Marinas y Costeras José Benito Vives de Andréis
Fecha de publicación, distribución, etc. 2011
300 ## - DESCRIPCION FISICA
Extensión 160 p.
Otros detalles físicos il., fot., tablas, gráficas
Dimensiones 28 cm
504 ## - NOTA DE BIBLIOGRAFIA, ETC.
Nota de bibliografía Incluye bibliografía (páginas 150 - 156)
650 #4 - ASIENTO SECUNDARIO DE MATERIA - TERMINO TEMATICO
Término temático o nombre geográfico como elemento de entrada Peces exoticos
Subdivisión general Cuidados
Subdivisión geográfica Colombia
9 (RLIN) 80237
650 #4 - ASIENTO SECUNDARIO DE MATERIA - TERMINO TEMATICO
Término temático o nombre geográfico como elemento de entrada Peces exoticos
Subdivisión general Políticas
Subdivisión geográfica Colombia
9 (RLIN) 80238
650 #4 - ASIENTO SECUNDARIO DE MATERIA - TERMINO TEMATICO
Término temático o nombre geográfico como elemento de entrada Peces exoticos
Subdivisión general Biodiversidad
Subdivisión geográfica Colombia
9 (RLIN) 80239
942 ## - ELEMENTOS ADICIONALES (KOHA)
Sistema de clasificación Dewey Decimal Classification
Tipo de ítem Libro
Existencias
Withdrawn status Lost status Sistema de Clasificación Damaged status No para préstamo Colección Inventariado Ubicación Permanente Ubicación actual Fecha de adquisición Fuente de Valor Valor Total Checkouts Número topográfico Inventario / Código de Barras Date last seen Ejemplar Price effective from Forma de adquisición Tipo de material
    Dewey Decimal Classification     General Inventariado 2017 Bogotá Bogotá 23/04/2014 Instituto 39000.00   LB-593 I62c 034357 23/04/2014 Ej. 1 23/04/2014 Canje Libro
    Dewey Decimal Classification     General Inventariado 2017 Bogotá Bogotá 03/03/2017 Instituto 39000.00   LB-593 I62c 042575 03/03/2017 Ej. 2 03/03/2017 Canje Libro